Online
Catalog
Normal view MARC view

Entry Nombre de reunión

Number of records used in: 1

001 - NÚMERO DE CONTROL

  • campo de control: 55019

003 - IDENTIFICADOR DEL NÚMERO DE CONTROL

  • campo de control: OSt

005 - FECHA Y HORA DE LA ÚLTIMA TRANSACCIÓN

  • campo de control: 20200615034641.0

008 - DATOS DE LONGITUD FIJA

  • campo de control de longitud fija: 200615|| aca||aabn | a|a d

040 ## - FUENTE DE LA CATALOGACIÓN

  • Centro catalogador/agencia de origen: OSt
  • Centro/agencia transcriptor: OSt

111 ## - ENCABEZAMIENTO--NOMBRE DE CONGRESO/REUNIÓN

  • Nombre de congreso/reunión o jurisdicción como elemento de entrada: Simposio regional incidencias de la cultura precolombina en el arte caribeño contemporáneo
  • Número del congreso/reunión o número de parte o sección: (1 :
  • Fecha del congreso/reunión: 1998 enero 15-17
  • Sede del congreso/Lugar de la reunión: Santo Domingo )

670 ## - FUENTE DE DATOS ENCONTRADOS

  • Cita de la fuente: Work cat.: (OSt)27444: Simposio regional incidencias de la cultura precolombina en el arte caribeño contemporáneo (1 : 1998 enero 15-17 Santo Domingo ), Presencia de la cultura precolombina en el arte caribeño contemporáneo /, 2000.

Powered by Koha